New York Interior Design 1935-1985 (Record no. 12065)

MARC details
000 -LEADER
fixed length control field 00359nam a2200145Ia 4500
008 - FIXED-LENGTH DATA ELEMENTS--GENERAL INFORMATION
fixed length control field 230312s9999||||xx |||||||||||||| ||und||
020 ## - INTERNATIONAL STANDARD BOOK NUMBER
International Standard Book Number 0-926494-52-7
082 ## - DEWEY DECIMAL CLASSIFICATION NUMBER
Classification number 747.097
Item number GUR-N
100 ## - MAIN ENTRY--PERSONAL NAME
Personal name Gura;Judith
245 #0 - TITLE STATEMENT
Title New York Interior Design 1935-1985
260 ## - PUBLICATION, DISTRIBUTION, ETC.
Name of publisher, distributor, etc. Gura;Judith
Place of publication, distribution, etc. Newyork
Date of publication, distribution, etc. 2008
300 ## - PHYSICAL DESCRIPTION
Extent 295
650 ## - SUBJECT ADDED ENTRY--TOPICAL TERM
Topical term or geographic name entry element Architecture
942 ## - ADDED ENTRY ELEMENTS (KOHA)
Koha item type BOOK
Holdings
Withdrawn status Lost status Source of classification or shelving scheme Damaged status Not for loan Home library Current library Date acquired Total Checkouts Full call number Barcode Date last seen Price effective from Koha item type
    Dewey Decimal Classification     Superior Information Resource Center (SIRC) Superior University- Main Campus Superior Information Resource Center (SIRC) Superior University- Main Campus 03/13/2023   747.097 GUR-N 12196 03/13/2023 03/13/2023 BOOK

Powered by Koha